Le rugby pour les nuls. - Statistiques

Statistiques générales
  • Ce quiz a été pris 306 fois
  • Le résultat moyen est 17 sur 20
Statistiques - réponses
Question Réponse % Correct
De quelle forme est le ballon de rugby ? Ovale
100%
Combien de points vaut une pénalité ? 3 points
98%
Combien de points cela rapporte-t-il ? 5 points
98%
De quelle pays l'équipe est-elle surnommée les All Blacks ? Nouvelle-Zélande
97%
Comment s'appelle l'action d'aplatir le ballon dans l'en-but adverse ? Essai
96%
Comment s'appelle la phase de jeu où les joueurs cherchent à récupérer la balle en poussant de manière synchronisée ? Mêlée
96%
Combien de joueurs y a-t-il dans la version la plus répandue du rugby ? Quinze
94%
Comment s'appelle le coup de pied qui suit ? Transformation
92%
Dans quelle direction est-il interdit d'envoyer la balle avec la main ? En avant
90%
Quel objet l'arbitre utilise-t-il pour exclure temporairement un joueur ? Carton jaune
89%
Qui est l'actuel capitaine de l'équipe de France ? Antoine Dupont
88%
Lors de quelle phase de jeu un joueur est-il propulsé en l'air par ses coéquipiers ? Touche
86%
Combien de temps dure un match de rugby ? 80 minutes
85%
Comment s'appelle le championnat de France de rugby ? Top 14
85%
Lors de quelle compétition annuelle s'affrontent les meilleures nations européennes de rugby ? Tournoi des Six Nations
83%
Quelle est la dernière manière de marquer des points ? Drop
73%
Comment sont appelés les joueurs portant les numéros de 9 à 15 ? Arrières
72%
Quel joueur est chargé d'y introduire le ballon ? Demi de mêlée
70%
Quel est le surnom de l'équipe sud-africaine ? Springboks
70%
Quelle forme ont les buts au rugby ? H
68%
Aucun quiz correspondant
Distribution des résultats
% des personnes avec chaque résultat
Percentile par nombre de réponses
Votre historique - résultats
Vous n’avez pas pris ce quiz